| 000 | 01884nam a2200229Ia 4500 | ||
|---|---|---|---|
| 003 | Ost | ||
| 005 | 20260507074853.0 | ||
| 008 | 260507s9999||||xx |||||||||||||| ||und|| | ||
| 040 | _cfsecg | ||
| 041 | _aara | ||
| 082 | _a338.9 | ||
| 100 |
_aعبد الرازق، محمود حامد _eمؤلف |
||
| 245 | 0 |
_aإقتصاديات السكان والموارد البشرية : _bإطار نظري وتطبيقي / _c محمود حامد عبد الرازق |
|
| 260 |
_aحلوان: _bمكتبة الحرية للنشر و التوزيع, _c[دون تاريخ] |
||
| 300 |
_a252 صفحة؛ _bإيضاحات ؛ _c24 سم |
||
| 504 | _aبيبليوغرافيا: ص.249 | ||
| 520 | _aموقع الاقتصاد السكاني في الدراسات الاقتصادية، مفهوم وأهمية ونطاق الاقتصاد السكاني، الاطار النظري للظاهرة السكانية، السكان والتنمية الاقتصادية، تجارب الدول في وضع السياسة السكانية، الهجرة الدولية للسكان، انتاجية القوى العاملة والسكان وسوق العمل، المفاهيم الأساسية للسكان ومعدل النمو السكاني، السكان والتنمية البشرية في مصر، التعليم وانعكاساته السكانية، البطالة والسكان في الدول النامية، السكان بين الريف والحضر، البطالة والسكان في مصر، النمو السكاني في افريقيا، الهجرة الدولية والمحلية والاقليمية للسكان في افريقيا، السكان والتنمية البشرية في النظام الاقتصادي الاسلامي. | ||
| 653 | _aالتنمية الاقتصادية | ||
| 653 | _aالسكان | ||
| 653 | _aالقوى العاملة | ||
| 942 | _cكتاب | ||
| 999 |
_c41593 _d41593 |
||